00678cam a22002173a 45000010005000000030006000050050017000110080041000280400015000690420007000840500007000911000031000982450117001292600029002465060030002755160020003056530045003257000021003708300028003918560041004191670PGUSA20140828083005.0990301s1999||||xxu|||||s|||||000 | eng d aPGUSAbeng adc 4aBX1 aLuther, Martin,d1483-154610aLuther's Little Instruction Book :bThe Small Catechism of Martin Lutherh[electronic resource] /cMartin Luther bProject Gutenberg,c1999 aPublic domain in the USA. aElectronic text aLutheran Church -- Catechisms -- English1 aSmith, Robert E. 0aProject Gutenbergv167040uhttp://www.gutenberg.org/ebooks/1670